Все города Новгородской области - Statistics

General Stats
  • This quiz has been taken 16 times
  • The average score is 6 of 10
Answer Stats
Answer % Correct
Великий Новгород
100%
Старая Русса
81%
Валдай
75%
Малая Вишера
69%
Чудово
63%
Окуловка
63%
Пестово
56%
Боровичи
44%
Холм
38%
Сольцы
25%
No matching quizzes found
Score Distribution
Percent of People with Each Score
Percentile by Number Answered
Your Score History
You have not taken this quiz